|
|
|
|
| LEADER |
00971nam a2200253 a 4500 |
| 001 |
14361922 |
| 008 |
091019s2005 ii 010 0beng d |
| 010 |
|
|
|a 2006554115
|
| 020 |
|
|
|a 8175344725
|
| 040 |
|
|
|a DLC
|c DLC
|d DLC
|
| 082 |
0 |
0 |
|a 347.54/014/092
|2 22
|
| 245 |
0 |
0 |
|a Justice Krishna Iyer at 90 /
|c edited by M.P.R. Nair ; associate editor, Vinod Sethi ; foreword by K.T. Thomas.
|
| 246 |
3 |
|
|a Justice Krishna Iyer at ninety
|
| 260 |
|
|
|a Delhi :
|b Universal Law Pub. Co.,
|c 2005.
|
| 300 |
|
|
|a viii, 207 p. ;
|c 23 cm.
|
| 541 |
1 |
|
|e 00015177
|
| 600 |
1 |
0 |
|a Krishna Iyer, V. R.,
|d 1915-
|
| 650 |
|
0 |
|a Judges
|z India
|v Biography.
|
| 700 |
1 |
|
|a Krishna Iyer, V. R.,
|d 1915-
|
| 700 |
1 |
|
|a Nair, M. P. R.
|
| 700 |
1 |
|
|a Sethi, Vinod,
|d 1946-
|
| 852 |
4 |
|
|a Ayesha Abed Library
|j General Shelf
|
| 999 |
|
|
|c 8279
|d 8279
|
| 952 |
|
|
|0 0
|1 0
|2 ddc
|4 0
|6 347_540140920000000_JUS_2005
|7 0
|9 9502
|a BRACUL
|b BRACUL
|c GEN
|d 2010-04-28
|l 1
|m 6
|o 347.54014092 JUS
|p 3010015177
|r 2023-12-28
|s 2023-10-10
|t 1
|w 2010-04-28
|y BK
|